| 000 | 00797cab a2200241 4500 | ||
|---|---|---|---|
| 001 | WB3210-40 | ||
| 008 | 090401t1996 xxu||||| |||| 00| 0 eng d | ||
| 035 | _a(Sirsi) u45247 | ||
| 041 | _aeng | ||
| 245 | _aQuota changes to sheep farmers | ||
| 260 | _c1996 | ||
| 350 | _a0 | ||
| 490 |
_aFarmers' Weekly _v124(9) 1 March 1996, 16(1) |
||
| 520 | _aConsiders the implications of a MAFF rule change to include grass keep in land holding information which will affect sheep farmers in lowland areas. | ||
| 650 | _aGRASS KEEP | ||
| 650 | _aPROPERTY-RURAL AND NATURAL ASSETS-AGRICULTURAL PROPERTY-AGRICULTURAL LAND-GRAZING LAND | ||
| 650 | _aLESS FAVOURED AREAS | ||
| 650 | _aLIVESTOCK QUOTAS | ||
| 650 | _aSHEEP PASTURE | ||
| 690 | _aRURAL PRACTICE | ||
| 942 | _n0 | ||
| 948 | _c04/03/1997 | ||
| 999 |
_c28758 _d28758 |
||